| 000 | 00716nam a2200241 i 4500 | ||
|---|---|---|---|
| 001 | 58937 | ||
| 003 | ES-MaACL | ||
| 005 | 20230906163925.0 | ||
| 007 | t| | ||
| 008 | 031024s1982 sp ||||1| spa d | ||
| 020 | _a84-241-2840-0 | ||
| 100 | 1 |
_aEcheverría, José Miguel. _946576 |
|
| 245 | 1 | 0 |
_aColeccionismo de relojes de bolsillo / _cJosé Miguel Echeverría ; fotografías, Oronoz. |
| 250 | _a2ª ed. | ||
| 260 |
_aLeón : _bEverest, _c1982. |
||
| 300 |
_a157 p. : _bil. col. y n., fot. ; _c19 cm. |
||
| 490 | 1 | _aClub Everest | |
| 650 |
_aRelojes. _916839 |
||
| 710 | 2 |
_aOronoz (Estudio fotográfico) _9171002 |
|
| 830 | 1 |
_aClub Everest _9184413 |
|
| 852 |
_aES-MaACL _jL-4597 |
||
| 999 |
_c58937 _d58937 |
||